Rock Bands Quiz #4 - Statistics

General Stats
  • This quiz has been taken 102 times
  • The average score is 14 of 15
Answer Stats
Question Answer % Correct
Steven Tyler led his band to "Walk This Way." Who are they? Aerosmith
100%
True-blue rocking fans of this band will know that Vince Furnier later adopted the band's name for his own. Know which one? Alice Cooper
100%
Who created the glam rock anthem about the astronaut Major Tom "Space Oddity"? David Bowie
100%
Who went solo and released "My Sweet Lord"? George Harrison
100%
This band featuring siblings released "Barracuda": Heart
100%
Despite creating the song "Comfortably Numb," the relationship between members of this band was anything but comfortable. Who are they? Pink Floyd
100%
"Rock You Like a Hurricane" was made a hit by: Scorpions
100%
A lot of artists covered "House of the Rising Sun" over the years, but who made it famous? The Animals
100%
So there's John, Paul, George and Ringo. We know you know who! The Beatles
100%
Frontman Jim Morrison became the face and voice of which band? The Doors
100%
Who gave us the song "Baba O'Riley"? The Who
100%
Which band is behind "Bang A Gong (Get It On)"? T. Rex
100%
Who created the song "Don't Bring Me Down"? Electric Light Orchestra
67%
They will, they will rock you, but minus Freddie Mercury now. Queen
67%
David Bowie had a hand in producing the hit "Walk On The Wild Side," but who performed it? Lou Reed
33%
No matching quizzes found
Score Distribution
Percent of People with Each Score
Percentile by Number Answered
Your Score History
You have not taken this quiz